[Event "ITA-ch U20"]
[Site "Tarvisio"]
[Date "2023.07.07"]
[Round "7"]
[White "Carrideo, Simone"]
[Black "Giammona, Federico"]
[Result "1/2-1/2"]
[WhiteElo "1988"]
[BlackElo "2091"]
[PlyCount "40"]
[EventDate "2023.07.02"]
[EventType "swiss"]
[EventRounds "9"]
[EventCountry "ITA"]
[SourceTitle "EXT 2024"]
[Source "ChessBase"]
[SourceDate "2023.10.10"]
[SourceVersion "1"]
[SourceVersionDate "2023.10.10"]
[SourceQuality "1"]

1. e4 e6 2. d4 d5 3. Nc3 dxe4 4. Nxe4 Nd7 5. Nf3 Ngf6 6. Nxf6+ Nxf6 7. c3 c5 8. Ne5 a6 9. Be3 cxd4 10. Bxd4 Be7 11. Bd3 0-0 12. Qf3 Qc7 13. 0-0 Bc5 14. Bxc5 Qxc5 15. Rfe1 Rb8 16. Qg3 Bd7 17. Qh4 h6 18. Re3 Rbd8 19. Rae1 Bb5 20. b4 Qe7 1/2-1/2

[Event "ITA-ch U20"]
[Site "Tarvisio"]
[Date "2023.07.04"]
[Round "3"]
[White "Ballon, Gioele"]
[Black "Carrideo, Simone"]
[Result "0-1"]
[WhiteElo "1782"]
[BlackElo "1988"]
[PlyCount "82"]
[EventDate "2023.07.02"]
[EventType "swiss"]
[EventRounds "9"]
[EventCountry "ITA"]
[SourceTitle "EXT 2024"]
[Source "ChessBase"]
[SourceDate "2023.10.10"]
[SourceVersion "1"]
[SourceVersionDate "2023.10.10"]
[SourceQuality "1"]

1. e4 c5 2. d4 cxd4 3. c3 dxc3 4. Nxc3 Nc6 5. Nf3 e6 6. Bc4 a6 7. 0-0 b5 8. Bb3 Nge7 9. Bg5 h6 10. Be3 Bb7 11. Nd5 Nc8 12. Re1 d6 13. Nf4 Qd7 14. Qd2 g6 15. Rad1 Bg7 16. Bc5 Ne5 17. Nxe5 Bxe5 18. f3 0-0 19. Ne2 Bg7 20. Nc3 Rd8 21. e5 d5 22. Be3 Kh7 23. Bf4 Bc6 24. Bc2 Nb6 25. Qd4 Rab8 26. h4 Kg8 27. Re2 a5 28. b3 b4 29. Nb1 Rdc8 30. Qd2 Bb5 31. Re3 Rc6 32. Bd3 Bxd3 33. Qxd3 Rbc8 34. Re2 Qc7 35. Rdd2 Qb7 36. Rb2 Na8 37. Bg3 Nc7 38. a4 bxa3 39. Ra2 Nb5 40. Be1 Bf8 41. Bxa5 Qa7+ 0-1